| 000 | 00347nam a2200145Ia 4500 | ||
|---|---|---|---|
| 008 | 191201s2002 xx 000 0 und d | ||
| 082 |
_a621.4022 _bGHH |
||
| 100 | _aGHOSHDASTIDAR, P S | ||
| 245 | 0 | _aHeat Transfer | |
| 250 | _a1st | ||
| 260 |
_aN.Delhi _bOxford University Press _c2002 |
||
| 300 | _a575 | ||
| 650 | _aB.Tech(ME) | ||
| 942 |
_2ddc _cBK |
||
| 999 |
_c1724 _d1724 |
||